Kluby piłkarskie grające w La Liga w obecnym sezonie - Statystyki

Ogólne statystyki
  • Ten quiz został rozwiązany 37 razy
  • Średni wynik to 14 z 20
Statystyki odpowiedzi
Drużyna % Poprawnych
FC Barcelona
100%
Real Madryt
100%
Atletico Madryt
89%
Girona
84%
Real Sociedad
84%
Valencia
84%
Villarreal
81%
Sevilla
78%
Getafe
76%
Real Betis
73%
Mallorca
68%
Espanyol
59%
Rayo
59%
Real Oviedo
57%
Levante
54%
Deportivo Alaves
49%
Elche
49%
Celta
43%
Osasuna
41%
Athletic Club
24%
Nie znaleziono quizów pasujących do podanych kryteriów
Rozkład punktacji
Procent ludzi z każdym wynikiem
Percentyl według liczby udzielonych odpowiedzi
Twoja historia wyników
Nie rozwiązałeś tego quizu